| 000 | 00485nam a2200169Ia 4500 | ||
|---|---|---|---|
| 999 |
_c16120 _d16120 |
||
| 003 | OSt | ||
| 005 | 20200606115852.0 | ||
| 008 | 190216s9999||||xx |||||||||||||| ||und|| | ||
| 040 | _cMESKC library | ||
| 082 |
_a891.433 _bVED/V |
||
| 100 |
_aPrakash, V _9206 |
||
| 245 | 0 |
_a Vishwa Prasiddh Bal Kahaniyan / _cV Prakash |
|
| 260 |
_bPragathi Prakashan, _c2002. _aDelhi: |
||
| 300 | _a104p | ||
| 650 | _aHindi | ||
| 942 |
_cBK _2ddc _h891.433 _iVED/V _k891.433 _mVED/V |
||